Návrh systémového riešenia plánovania nástupníctva na kľúčové pozície v podniku Bel Power Solutions, s.r.o., Dubnica nad Váhom

Uložené v:
Podrobná bibliografia
Hlavný autor: Lukáč, Patrik (Autor)
Ďalší autori: Holeček, Jaroslav (Vedúci práce)
Médium: Rukopis Kniha
Jazyk:Slovak
Vydavateľské údaje: 2020
Predmet:
On-line prístup:http://is.stuba.sk/zp/portal_zp.pl?podrobnosti=151390
Tagy: Pridať tag
Žiadne tagy, Buďte prvý, kto otaguje tento záznam!

MARC

LEADER 00000ntm a22000003a 4500
001 stuzp77729
003 SK-STU
005 20200704211517.2
007 ta
008 150427s2015----xo-----f-mn---000-0-slo-d
040 |a STU  |b slo 
041 0 |a slo 
100 1 |a Lukáč, Patrik  |u 064000  |k Z4  |4 aut  |U MTF Materiálovotechnologická fakulta  |T MTF Ústav priemyselného inžinierstva a manažmentu  |X 82827  |U M4000  |Y 84  |7 82827 
242 0 1 |a Proposal of a system solution of succession planning for key positions in the company Bel Power Solutions, s.r.o., Dubnica nad Váhom  |y eng 
245 1 0 |a Návrh systémového riešenia plánovania nástupníctva na kľúčové pozície v podniku Bel Power Solutions, s.r.o., Dubnica nad Váhom 
260 |c 2020 
650 4 |a Plánovanie nástupníctva  |2 slo 
650 4 |a Talent manažment  |2 slo 
650 4 |a Kľúčové pozície  |2 slo 
650 4 |a Succession planning  |2 eng 
650 4 |a Key positions  |2 eng 
650 4 |a Talent management  |2 eng 
700 1 |a Holeček, Jaroslav  |u 064000  |k Z1  |4 ths  |U MTF Materiálovotechnologická fakulta  |T MTF Ústav priemyselného inžinierstva a manažmentu  |X 53298  |U M4000  |Y 84  |7 A000053298 
856 4 |u http://is.stuba.sk/zp/portal_zp.pl?podrobnosti=151390 
996 |c M* DP-14320  |l MMSKP  |s P  |a 0  |w stuzp77729_0001